00613nam a2200193Ia 4500008004100000020001500041082001600056100002000072245002400092250000700116260003400123300002300157500001900180600002100199650005000220942000700270952012700277999001500404240925s9999 xx 000 0 und d a8176353825 a005.133 DOH aDoherty, Donald 0aJava Bean Unleashed aNA aNew Delhi:bTechmediac,2000. a597p.bNAfPirated aIncludes Index aComputer Science aComputer science, information & general works cBK 001040708CSaUITUbUITUd2004-01-06eVanguard Booksg510.00l0o005.133 DOHpQ5431r2024-09-25 07:13:51w2024-09-25yBK c7930d7930